[Event "Challenge"]
[Site "http://www.queenalice.com/game.php?id=915508"]
[Date "2011.3.21"]
[Round "-"]
[White "essenfelder"]
[Black "Bira_Dietz"]
[Result "0-1"]
[WhiteElo "1574"]
[BlackElo "1789"]

1. e4 c6 2. d4 d5 3. e5 e6 4. Nf3 f6 5. Bd3 fxe5 6. Nxe5 Nh6 7. Bxh6 gxh6 8.
Qh5+ Ke7 9. Qf7+ Kd6 10. O-O Nd7 11. Nxd7 Qxd7 12. Qf4+ Ke7 13. Re1 Rg8 14. Bxh7
Rg7 15. Bd3 b6 16. Nc3 Rg5 17. Re3 c5 18. dxc5 bxc5 19. Rae1 Qc6 20. Qh4 d4 21.
f4 Qxg2# 0-1

[Event "AUTO-INT-1991"]
[Site "http://www.queenalice.com/game.php?id=917550"]
[Date "2011.3.26"]
[Round "1"]
[White "Bira_Dietz"]
[Black "guischerer"]
[Result "1-0"]
[WhiteElo "1701"]
[BlackElo "1439"]

1. e4 e5 2. c3 a6 3. d4 Nc6 4. g3 d6 5. f4 f5 6. exf5 Nf6 7. Bh3 h5 8. Nf3 Ne4
9. Qe2 d5 10. fxe5 g6 11. Nh4 Ne7 12. Nd2 gxf5 13. Rf1 Be6 14. Bxf5 Nxf5 15.
Nxf5 Qd7 16. Nxe4 O-O-O 17. Bg5 Bxf5 18. Nf6 Qe6 19. O-O-O Bg4 20. Nxg4 hxg4 21.
Bxd8 Kxd8 22. Rf4 Be7 23. Qxg4 Qh6 24. h4 Rf8 25. Rf1 b5 26. Kd1 a5 27. Qf3 c6
28. Rxf8+ Bxf8 29. Qxf8+ Qxf8 30. Rxf8+ Ke7 31. Rf1 a4 32. h5 a3 33. bxa3 Kd7
34. h6 Kc7 35. h7 Kb6 36. h8=Q c5 37. dxc5+ Kxc5 38. Rf4 Kb6 39. Qd8+ Kc6 40.
Qd6+ Kb7 41. Rf7+ Kc8 42. Qf8# 1-0

[Event "AUTO-INT-1991"]
[Site "http://www.queenalice.com/game.php?id=917551"]
[Date "2011.3.26"]
[Round "1"]
[White "guischerer"]
[Black "Bira_Dietz"]
[Result "0-1"]
[WhiteElo "1439"]
[BlackElo "1711"]

1. e4 c6 2. d4 d5 3. e5 f6 4. Nf3 Nd7 5. Qe2 fxe5 6. Nxe5 Nxe5 7. dxe5 Bf5 8. b4
e6 9. Bd2 Bxc2 10. Nc3 Bxb4 11. a3 Bxc3 12. Bxc3 Be4 13. Qe3 Qe7 14. Qg3 O-O-O
15. Bb4 Qf7 16. Be2 Ne7 17. O-O Nf5 18. Qf4 Qg6 19. f3 Nd4 20. Bd1 Nc2 21. Bxc2
Bxc2 22. Rac1 Bd3 23. Rf2 b6 24. Rxc6+ Kd7 25. Rc3 a5 26. Bd6 Qf5 27. Rc7+ Ke8
28. Qxf5 Bxf5 29. Rxg7 Rc8 30. g4 Bd3 31. f4 Rc1+ 32. Kg2 Be4+ 33. Kh3 Rb1 34.
Re7+ Kf8 35. Rxe6+ Kf7 36. Rf6+ Kg7 37. f5 Rd8 38. g5 Rg1 39. g6 hxg6 40. fxg6
Rh8# 0-1

[Event "AUTO-INT-1991"]
[Site "http://www.queenalice.com/game.php?id=917552"]
[Date "2011.3.26"]
[Round "1"]
[White "Bira_Dietz"]
[Black "FranzMeM"]
[Result "1-0"]
[WhiteElo "1850"]
[BlackElo "1492"]

1. e4 e5 2. c3 Nf6 3. f3 Be7 4. d4 exd4 5. cxd4 O-O 6. Nc3 c6 7. Bd3 d6 8. Nge2
d5 9. O-O dxe4 10. fxe4 Bg4 11. Qc2 Bxe2 12. Nxe2 a5 13. Bc4 b5 14. e5 Ng4 15.
e6 Ne3 16. exf7+ Kh8 17. Bxe3 bxc4 18. Qxc4 Bg5 19. Bxg5 Qxg5 20. Qc5 Qxc5 21.
dxc5 g6 22. Nd4 Na6 23. Ne6 Rfc8 24. f8=Q+ Rxf8 25. Rxf8+ Rxf8 26. Nxf8 Kg7 27.
Ne6+ Kf6 28. Re1 a4 29. Nd8 Nxc5 30. Nxc6 Nd3 31. Re2 g5 32. a3 h5 33. h3 Kf5
34. Kh2 Kf4 35. Nd4 g4 36. b3 axb3 37. Nxb3 gxh3 38. Kxh3 Kg5 39. Kg3 h4+ 40.
Kf3 Kf5 41. g3 hxg3 42. Kxg3 Kf6 43. a4 Kf5 44. a5 Nf4 45. Rf2 Ke5 46. Rxf4 Kd5
47. a6 Kc6 48. a7 Kb7 49. Ra4 Ka8 50. Nd4 1-0

[Event "AUTO-INT-1991"]
[Site "http://www.queenalice.com/game.php?id=917553"]
[Date "2011.3.26"]
[Round "1"]
[White "FranzMeM"]
[Black "Bira_Dietz"]
[Result "1-0"]
[WhiteElo "1516"]
[BlackElo "1857"]

1. e4 c6 2. d4 d5 3. e5 f6 4. exf6 Nxf6 5. Nc3 g6 6. Be2 Be6 7. h3 Qa5 8. f3 Bf5
9. g4 Bd7 10. Bd2 Qb4 11. Qc1 Qxd4 12. Be3 Qe5 13. f4 Qe6 14. Nf3 Bh6 15. Nd4
Qd6 16. g5 Bxg5 17. fxg5 Qg3+ 18. Bf2 Qe5 19. Qd2 Ne4 20. Nxe4 Qxe4 21. O-O-O
Na6 22. h4 O-O-O 23. Bxa6 bxa6 24. Rhe1 Qg2 25. Rxe7 Rhe8 26. Nxc6 Bxc6 27. Rxe8
Rxe8 28. Bxa7 Re2 29. Qc3 Kb7 30. Qc5 Qe4 31. Qb6+ Kc8 32. Qxc6+ Kd8 33. Rxd5+
Ke7 34. Qd7+ Kf8 35. Bc5+ Kg8 36. Qc8+ Kf7 37. Rd7+ Ke6 38. Re7+ Kd5 39. Rxe4
Kxe4 40. Qe8+ Kf3 41. Qxe2+ Kxe2 42. b4 Kf3 43. a4 Kg4 44. b5 axb5 45. axb5 Kxh4
46. Be7 Kh5 47. b6 h6 48. gxh6 Kxh6 49. c4 g5 50. Bxg5+ Kxg5 51. c5 Kf6 52. c6
Ke7 53. b7 Kd6 54. b8=Q+ Kxc6 55. Kd2 Kd5 56. Kd3 Kc5 57. Qe5+ Kc6 58. Kd4 Kb6
59. Kc4 Kc6 60. Qd5+ Kc7 61. Kc5 Kb8 62. Qd6+ Kb7 63. Qc6+ Kb8 64. Kd6 Ka7 65.
Kd7 Kb8 66. Qb6+ Ka8 67. Qb5 Ka7 68. Kc6 Ka8 69. Qb7# 1-0

[Event "AUTO-INT-1991"]
[Site "http://www.queenalice.com/game.php?id=917554"]
[Date "2011.3.26"]
[Round "1"]
[White "Bira_Dietz"]
[Black "fjalves"]
[Result "1-0"]
[WhiteElo "1719"]
[BlackElo "1582"]

1. e4 e5 2. c3 Bc5 3. Nf3 d6 4. d4 exd4 5. cxd4 Bb6 6. Nc3 Ba5 7. Bc4 Nc6 8. O-O
Nh6 9. Bg5 Ne7 10. Nd5 f6 11. Bxh6 gxh6 12. Nxf6+ Kf8 13. Qa4 Bb6 14. Nd5 Bd7
15. Qb4 Nc6 16. Qd2 Ba5 17. Qxh6+ Ke8 18. Nf6+ Ke7 19. Qg7# 1-0

[Event "AUTO-INT-1991"]
[Site "http://www.queenalice.com/game.php?id=917555"]
[Date "2011.3.26"]
[Round "1"]
[White "fjalves"]
[Black "Bira_Dietz"]
[Result "0-1"]
[WhiteElo "1624"]
[BlackElo "1725"]

1. e4 c6 2. Bc4 Nf6 3. d3 d5 4. exd5 cxd5 5. Bb3 Bg4 6. f3 Qa5+ 7. Bd2 Bxf3 8.
Qxf3 Qb5 9. Na3 Qc5 10. Ba4+ Nbd7 11. Be3 Qa5+ 12. Bd2 Qxa4 13. O-O-O e5 14. Ne2
Bxa3 15. Nc3 Qb4 16. bxa3 Qxa3+ 17. Kb1 O-O 18. Nxd5 Nxd5 19. Qg3 f6 20. Qf3
N7b6 21. Qf5 Na4 22. Qe6+ Rf7 23. Bc1 Nac3+ 24. Ka1 Qxa2# 0-1

[Event "Challenge"]
[Site "http://www.queenalice.com/game.php?id=918086"]
[Date "2011.3.27"]
[Round "-"]
[White "essenfelder"]
[Black "Bira_Dietz"]
[Result "1-0"]
[WhiteElo "1954"]
[BlackElo "1736"]

1. e4 c6 2. d4 d5 3. e5 e6 4. Nf3 Nh6 5. Bg5 Be7 6. Bxh6 gxh6 7. Be2 Qb6 8. b3
Na6 9. O-O Bd7 10. Nc3 O-O-O 11. Bd3 Nb4 12. a3 Nxd3 13. Qxd3 Rhg8 14. Na4 Qa5
15. Qxh7 Rdf8 16. Qxh6 f6 17. Qd2 Qa6 18. Nc5 Qb5 19. Qh6 Bxc5 20. dxc5 Qxc5 21.
Qd2 f5 22. Rfd1 Be8 23. Ng5 Bh5 24. Nxe6 Qe7 25. Nxf8 Bxd1 26. Qxd1 Rxf8 27. Qe2
Rg8 28. f4 Qc5+ 29. Kf1 Qd4 30. Re1 Qxf4+ 31. Qf2 Qxf2+ 32. Kxf2 Rh8 33. h3 a6
34. e6 Kd8 35. Re5 Re8 36. Kf3 b5 37. Kf4 Rg8 38. g3 Ke7 39. g4 fxg4 40. hxg4
Rg6 41. g5 Rxe6 42. Rxe6+ Kxe6 43. g6 Kf6 44. g7 Kxg7 45. Ke5 a5 46. Kd6 a4 47.
bxa4 bxa4 48. Kxc6 d4 49. Kc5 Kf6 50. Kxd4 Ke6 51. Kc4 Ke5 52. Kb4 Kd4 53. c3+
Kd3 54. c4 Kd4 55. c5 Kd5 56. Kb5 Kd4 57. c6 1-0

[Event "Challenge"]
[Site "http://www.queenalice.com/game.php?id=935709"]
[Date "2011.5.8"]
[Round "-"]
[White "zaccho"]
[Black "Bira_Dietz"]
[Result "1-0"]
[WhiteElo "1579"]
[BlackElo "1742"]

1. e3 c6 2. b3 d5 3. Nf3 Bg4 4. Be2 g6 5. Bb2 f6 6. Ng5 Bxe2 7. Qxe2 fxg5 8.
Bxh8 Qc7 9. Qg4 Bh6 10. Nc3 Nd7 11. h4 Ngf6 12. Bxf6 Nxf6 13. Qg3 Qxg3 14. fxg3
1-0

[Event "Challenge"]
[Site "http://www.queenalice.com/game.php?id=935869"]
[Date "2011.5.9"]
[Round "-"]
[White "josemsm"]
[Black "Bira_Dietz"]
[Result "1-0"]
[WhiteElo "1625"]
[BlackElo "1715"]

1. e4 e5 2. Nf3 f6 3. Bc4 Ne7 4. Nxe5 fxe5 5. Qf3 d6 6. Qf7+ Kd7 7. Be6+ Kc6 8.
Bxc8 Qxc8 9. Nc3 Na6 10. h3 Nb4 11. Qc4+ Kd7 12. Qxb4 Nc6 13. Qc4 Qe8 14. d3 Qg6
15. g4 Be7 16. a3 Bh4 17. Be3 Rhf8 18. O-O Qf6 19. f4 Nd4 20. Bxd4 exd4 21. Qb5+
Kc8 22. Nd5 1-0

[Event "Challenge"]
[Site "http://www.queenalice.com/game.php?id=939689"]
[Date "2011.5.18"]
[Round "-"]
[White "Oliver36"]
[Black "Bira_Dietz"]
[Result "1-0"]
[WhiteElo "2244"]
[BlackElo "1636"]

1. d4 d5 2. c4 c6 3. Nf3 f6 4. Nc3 Bf5 5. Qb3 Be6 6. Qxb7 Bc8 7. Qxa8 Qc7 8.
cxd5 Bd7 9. e4 a6 10. Bf4 e5 11. dxe5 fxe5 12. Bxe5 Bd6 13. Bxg7 Ne7 14. Bxh8
1-0

[Event "AUTO-OPEN-2366"]
[Site "http://www.queenalice.com/game.php?id=940223"]
[Date "2011.5.19"]
[Round "1"]
[White "paco78"]
[Black "Bira_Dietz"]
[Result "1-0"]
[WhiteElo "1830"]
[BlackElo "1664"]

1. e4 c6 2. Nf3 d5 3. Nc3 Nf6 4. d3 Bg4 5. Be2 Na6 6. exd5 Nxd5 7. Nxd5 Qxd5 8.
c4 Qc5 9. d4 Qb4+ 10. Nd2 O-O-O 11. Bxg4+ e6 12. a3 1-0

[Event "AUTO-OPEN-2366"]
[Site "http://www.queenalice.com/game.php?id=940224"]
[Date "2011.5.19"]
[Round "1"]
[White "Bira_Dietz"]
[Black "paco78"]
[Result "0-1"]
[WhiteElo "1674"]
[BlackElo "1820"]

1. e4 e5 2. c3 Nf6 3. f3 Nc6 4. d4 d5 5. Bb5 Bd7 6. Bg5 Be7 7. Qb3 exd4 8. Bxf6
Bxf6 9. Qxd5 dxc3 10. Nxc3 Rb8 0-1